| 000 | 00567cam a2200169 a 4500 | ||
|---|---|---|---|
| 005 | 20250901165430.0 | ||
| 008 | 960227s1997 maua b 001 0 eng | ||
| 010 | _a 96010894 | ||
| 020 | _a0875845851 (alk. paper) | ||
| 050 | 0 | 0 |
_aHD53 .C49 1997 _b.C49 1997 |
| 082 | 0 | 0 |
_a658 _220 |
| 100 | 1 | _aChristensen, Clayton M. | |
| 245 | 1 | 4 |
_aThe innovator's dilemma : _bwhen new technologies cause great firms to fail / _cClayton M. Christensen. |
| 260 |
_aBoston, Mass. : _bHarvard Business School Press, _cc1997. |
||
| 300 |
_axxiv, 252 p. : _bill. ; _c24 cm. |
||
| 942 | _2lcc | ||
| 999 |
_c3883 _d3883 |
||